000 00428nam a22001691c 4500
001 00054805554
008 051003s1991 gw |||| 000u eng d
020 _a0198215819
_90-19-821581-9
041 _aeng
100 1 _aHoward, Michael Eliot
245 0 4 _aThe lessons of history /
_cMichael Howard
264 _aOxford :
_bClarendon Pr.,
_c1991
300 _a217 S.
942 _cMG
040 _cRU-10907106
003 RU-10907106
999 _c9884
_d9884